|
|
|
|
| LEADER |
01236nam a2200349Ia 4500 |
| 001 |
EBC294009 |
| 003 |
MiAaPQ |
| 005 |
20200520144314.0 |
| 006 |
m o d | |
| 007 |
cr cn||||||||| |
| 008 |
010330s2001 maua sb 001 0 eng d |
| 010 |
|
|
|z 2001029522
|
| 020 |
|
|
|z 0750646772
|
| 020 |
|
|
|z 9780750646772
|
| 035 |
|
|
|a (MiAaPQ)EBC294009
|
| 035 |
|
|
|a (Au-PeEL)EBL294009
|
| 035 |
|
|
|a (CaPaEBR)ebr10185956
|
| 035 |
|
|
|a (CaONFJC)MIL105135
|
| 035 |
|
|
|a (OCoLC)647909837
|
| 040 |
|
|
|a MiAaPQ
|c MiAaPQ
|d MiAaPQ
|
| 050 |
|
4 |
|a HG4651
|b .C6795 2001
|
| 100 |
1 |
|
|a Choudhry, Moorad.
|
| 245 |
1 |
4 |
|a The bond and money markets
|h [electronic resource] :
|b strategy, trading, analysis /
|c Moorad Choudhry.
|
| 260 |
|
|
|a Boston :
|b Butterworth-Heinemann,
|c 2001.
|
| 300 |
|
|
|a xxviii, 1123 p. :
|b ill.
|
| 504 |
|
|
|a Includes bibliographical references and index.
|
| 533 |
|
|
|a Electronic reproduction. Ann Arbor, MI : ProQuest, 2015. Available via World Wide Web. Access may be limited to ProQuest affiliated libraries.
|
| 650 |
|
0 |
|a Bonds.
|
| 650 |
|
0 |
|a Money market.
|
| 655 |
|
4 |
|a Electronic books.
|
| 710 |
2 |
|
|a ProQuest (Firm)
|
| 856 |
4 |
0 |
|u https://ebookcentral.proquest.com/lib/matrademy/detail.action?docID=294009
|z Click to View
|